Score 0/30 Timer 01:30
2 Plays Today
% Correct
olden
94.2%
loom
93.8%
rasp
93.7%
round
92.9%
rinds
92.9%
ears
92.8%
rumble
92.6%
lad
92.5%
asp
92.3%
ravel
92.2%
love
92.1%
ambling
91.6%
ash
91.4%
rating
90.7%
owns
89.8%
% Correct
ratify
89.7%
host
89.6%
listen
89.3%
ill
87.3%
one
87.3%
lands
87.1%
allows
85%
riddle
84.8%
lower
82.9%
lean
82.4%
astronomical
82.2%
ores
73.4%
entry
70.2%
estate
44.9%
unless
44.5%
Remove Ads.
Support Sporcle.
Get the best of Sporcle when you Go Orange. This ad-free experience offers more features, more stats, and more fun while also helping to support Sporcle. Thank you for becoming a member.

You're not logged in!

Compare scores with friends on all Sporcle quizzes.
OR
Log In

Sporcle TV

Today on Sporcle TV


Watch our educational content, quiz creation guides, and fun videos on Sporcle TV.

Show Comments

Extras

Top Quizzes Today


Score Distribution

Paid Content

Your Account Isn't Verified!

In order to create a playlist on Sporcle, you need to verify the email address you used during registration. Go to your Sporcle Settings to finish the process.

Report this User

Report this user for behavior that violates our Community Guidelines.

Details: